Statystyki dla Wskaźnik wolnych miejsc pracy w krajach Europy na najbliższe 3kwartale

Kliknij tutaj aby rozwiązać quiz!

Ogólne statystyki

  • Ten quiz został rozwiązany 15 razy
  • Średni wynik to 10 z 15

Statystyki odpowiedzi

%odpowiedż% Poprawnych
3,7%Austria
86%
4,4%Belgia
86%
5%Holandia
86%
2,2%Włochy
86%
4,2%Czechy
71%
2,1%Francja
71%
3,3%Malta
71%
3,4%Niemcy
71%
2,9%Norwegia
71%
2,9%Słowenia
71%
2,4%Szwajcaria
71%
2,4%Dania
57%
2,5%Łotwa
57%
4,4%Islandia
43%
2,2%Węgry
43%

Rozkład punktacji

Percentyl według liczby udzielonych odpowiedzi

Procent ludzi z każdym wynikiem

Twoja historia wyników

Nie rozwiązałeś tego quizu